Horrible Harry and the dead letters / by Suzy Kline ; pictures by Amy Wummer.
Harry and Doug investigate when special bookmarks begin to disappear while their class is busy studying poetry and running their own post office.
Record details
- ISBN: 9780142414576
- ISBN: 0142414573
- Physical Description: 69 pages : illustrations ; 20 cm.
- Publisher: New York : Puffin Books, 2009, c2008.
Search for related items by subject
| Subject: | Horrible Harry (Fictitious character). Postal service > Fiction. Poetry > Fiction. Lost articles > Fiction. Schools > Fiction. School children > Fiction. |
Available copies
- 1 of 1 copy available at scottsboropl.
Holds
- 0 current holds with 1 total copy.
Show All Copies
| Location | Call Number / Copy Notes | Barcode | Shelving Location | Status | Due Date |
|---|---|---|---|---|---|
| scottsboropl | JF Kli | 32269000852502 | Juvenile - Fiction | Available | - |
| LDR | 01148cam a2200301Ia 4500 | ||
|---|---|---|---|
| 001 | 132191 | ||
| 003 | CONS | ||
| 005 | 20140703073307.0 | ||
| 008 | 100209r20092008nyua b 000 1 eng d | ||
| 020 | . | ‡a9780142414576 | |
| 020 | . | ‡a0142414573 | |
| 035 | . | ‡a(CPomAG)LMN503544 | |
| 050 | 1 | 4. | ‡aPZ7.K6797 ‡bHnjm 2009 |
| 082 | 1 | 4. | ‡a[Fic] ‡222 |
| 100 | 1 | . | ‡aKline, Suzy. |
| 245 | 1 | 0. | ‡aHorrible Harry and the dead letters / ‡cby Suzy Kline ; pictures by Amy Wummer. |
| 260 | . | ‡aNew York : ‡bPuffin Books, ‡c2009, c2008. | |
| 300 | . | ‡a69 pages : ‡billustrations ; ‡c20 cm. | |
| 520 | . | ‡aHarry and Doug investigate when special bookmarks begin to disappear while their class is busy studying poetry and running their own post office. | |
| 650 | 1. | ‡aHorrible Harry (Fictitious character). | |
| 650 | 1. | ‡aPostal service ‡vFiction. | |
| 650 | 1. | ‡aPoetry ‡vFiction. | |
| 650 | 0. | ‡aLost articles ‡vFiction. | |
| 650 | 1. | ‡aSchools ‡vFiction. | |
| 650 | 1. | ‡aSchool children ‡vFiction. | |
| 700 | 1 | . | ‡aWummer, Amy. |
| 959 | . | ‡i32269000852502 ‡lJF Kli 3-4 ‡aJuvenile - Fiction ‡tJuv Fiction ‡g14.00 | |
| 852 | . | ‡p32269000852502 ‡jJF Kli 3-4 ‡gJuvenile - Fiction ‡cJuv Fiction ‡y14.00 ‡bSBPL | |
| 901 | . | ‡a132191 ‡bUnknown ‡c132191 ‡tbiblio | |